000 00606nam a2200241Ia 4500
003 OSt
005 20221006153345.0
006 a|||||r|||| 00| 0
007 ta
008 221006b |||||||| |||| 00| 0 jpn d
024 _a32,099
037 _bGift, Japan Foundation
_cTextual
040 _aEASL
_cEASL
_bjpn
041 _2jpn
_ajpn
082 _aO42,3
245 0 _aYonde kiite manabu eigo
_b15
260 _aJapan
_bOokizu Sangyo Japan
300 _a22p.
_ccm.
490 _v JL
650 _aJL
942 _hO42,3
_cTEXL
_2CC
999 _c1100185
_d1100185